Communication theories : Origins, methods, and uses in the mass media. / (Record no. 5566)
[ view plain ]
| 000 -LEADER | |
|---|---|
| fixed length control field | 01865cam a2200313 a 4500 |
| 001 - CONTROL NUMBER | |
| control field | 11897647 |
| 003 - CONTROL NUMBER IDENTIFIER | |
| control field | OSt |
| 005 - DATE AND TIME OF LATEST TRANSACTION | |
| control field | 20210414114449.0 |
| 008 - FIXED-LENGTH DATA ELEMENTS--GENERAL INFORMATION | |
| fixed length control field | 000127s2001 nyu b 001 0 eng |
| 010 ## - LIBRARY OF CONGRESS CONTROL NUMBER | |
| LC control number | 00021454 |
| 020 ## - INTERNATIONAL STANDARD BOOK NUMBER | |
| International Standard Book Number | 9781292042855 |
| 040 ## - CATALOGING SOURCE | |
| Original cataloging agency | DLC |
| Transcribing agency | DLC |
| Modifying agency | DLC |
| 050 00 - LIBRARY OF CONGRESS CALL NUMBER | |
| Classification number | P90.S4414 |
| 082 00 - DEWEY DECIMAL CLASSIFICATION NUMBER | |
| Classification number | 302.23 |
| Edition number | 21 |
| 100 1# - MAIN ENTRY--PERSONAL NAME | |
| Personal name | Severin, Werner J. |
| 245 10 - TITLE STATEMENT | |
| Title | Communication theories : Origins, methods, and uses in the mass media. / |
| Statement of responsibility, etc. | Werner Severin J. |
| 250 ## - EDITION STATEMENT | |
| Edition statement | 5th ed. |
| 260 ## - PUBLICATION, DISTRIBUTION, ETC. | |
| Place of publication, distribution, etc. | Harlow : |
| Name of publisher, distributor, etc. | Pearson, |
| Date of publication, distribution, etc. | 2014. |
| 300 ## - PHYSICAL DESCRIPTION | |
| Extent | xv,411p.; |
| Dimensions | 24cm. |
| 500 ## - GENERAL NOTE | |
| General note | Includes bibliographical references and index. |
| 505 ## - FORMATTED CONTENTS NOTE | |
| Formatted contents note | Contents: The changing media landscape: Introduction to mass communication theory -- Scientific method and models of mass communication: Scientific method -- Models in mass communication research -- Perception and language issues in the mass media: The role of perception in communication -- Problems in encoding -- Analysis of propaganda: First theories of decoding and effects -- The social-psychological approach: Cognitive consistency and mass communication -- Theories of persuasion -- Groups and communication -- Mass media and interpersonal communication -- Mass media effects and uses: Agenda setting -- The knowledge-gap hypothesis -- Effects of mass communication -- Uses of the mass media -- Media channels: Mass media in modern society -- Media chains and conglomerates -- Theories of cyber communication -- Bringing it all together: The overall picture. |
| 650 #0 - SUBJECT ADDED ENTRY--TOPICAL TERM | |
| Topical term or geographic name entry element | Mass media. |
| 650 #0 - SUBJECT ADDED ENTRY--TOPICAL TERM | |
| Topical term or geographic name entry element | Communication. |
| 700 1# - ADDED ENTRY--PERSONAL NAME | |
| Personal name | Tankard, James W. |
| 906 ## - LOCAL DATA ELEMENT F, LDF (RLIN) | |
| a | 7 |
| b | cbc |
| c | orignew |
| d | 1 |
| e | ocip |
| f | 20 |
| g | y-gencatlg |
| 942 ## - ADDED ENTRY ELEMENTS (KOHA) | |
| Source of classification or shelving scheme | Library of Congress Classification |
| Koha item type | Books |
| Withdrawn status | Lost status | Source of classification or shelving scheme | Damaged status | Not for loan | Home library | Current library | Shelving location | Date acquired | Total Checkouts | Full call number | Barcode | Date last seen | Price effective from | Koha item type |
|---|---|---|---|---|---|---|---|---|---|---|---|---|---|---|
| Library of Congress Classification | WISCONSIN INTERNATIONAL UNIVERSITY COLLEGE, GHANA - MAIN LIBRARY | WISCONSIN INTERNATIONAL UNIVERSITY COLLEGE, GHANA - MAIN LIBRARY | Reference | 26/06/2015 | P90.S4414 | 7968/395/15 | 26/06/2015 | 26/06/2015 | Books |
